| 000 | 00342nam a22001337a 4500 | ||
|---|---|---|---|
| 020 | _qHB. | ||
| 040 | _cFIZZA ISHAQ | ||
| 082 |
_a003.83 _bUDO |
||
| 100 |
_aWALL,A. JAMES PEOCH UDOW. _987466 |
||
| 245 |
_aDIRCRETE EVENT SIMULATION / _cUDOW PEOCH JAMES A. WALL. |
||
| 260 |
_aNEW YORK : _bCRC, _c1993. |
||
| 300 | _a412 P. ; | ||
| 942 |
_2ddc _cBK |
||
| 999 |
_c587518 _d587518 |
||